[Event "Eurasia Open Cup 2019"]
[Site "Ekaterinburg"]
[Date "2019.07.31"]
[Round "1.18"]
[White "Vinokur, Yuliya"]
[Black "Drygalov, Andrey"]
[Result "1-0"]
[WhiteElo "2013"]
[BlackElo "2494"]
[Annotator "ChessBase"]
[PlyCount "55"]
[EventDate "2019.07.31"]
[EventType "swiss"]
[EventCountry "RUS"]
[SourceTitle "playchess.com"]
[Source "ChessBase"]
[SourceQuality "1"]
[TimeControl "5400+30"]

1. d4 {[%emt 0:29:25]} Nf6 {[%emt 0:33:24]} 2. Nf3 {[%emt 0:05:26]} g6 {[%emt 0:08:00]} 3. g3 {[%emt 0:15:51]} Bg7 {[%emt 0:00:37]} 4. Bg2 {[%emt 0:00:29]} O-O {[%emt 0:10:43]} 5. O-O {[%emt 0:05:00]} d5 {[%emt 0:09:05]} 6. Ne5 {[%emt 0:09:56]} c6 {[%emt 0:04:05]} 7. c4 {[%emt 0:03:13]} dxc4 {[%emt 0:00:00]} 8. Na3 {[%emt 0:03:42]} Be6 {[%emt 0:00:00]} 9. Naxc4 {[%emt 0:00:08]} Bd5 {[%emt 0:03:29]} 10. Qd3 {[%emt 0:06:18]} Bxg2 {[%emt 0:01:38]} 11. Kxg2 {[%emt 0:00:07]} Nfd7 {[%emt 0:01:34]} 12. Nf3 {[%emt 0:02:54]} Na6 {[%emt 0:01:17]} 13. Rd1 {[%emt 0:00:48]} Nb6 {[%emt 0:00:15]} 14. Na5 {[%emt 0:01:09]} Nd5 {[%emt 0:00:18]} 15. Nxc6 {[%emt 0:00:10]} Qc7 {[%emt 0:00:04]} 16. Nce5 {[%emt 0:04:25]} Ndb4 {[%emt 0:23:31]} 17. Qb3 {[%emt 0:09:29]} Rad8 {[%emt 0:00:30]} 18. Bg5 {[%emt 0:00:30]} Nd5 {[%emt 0:00:30]} 19. Rac1 {[%emt 0:00:30]} Qb8 {[%emt 0:00:30]} 20. e4 {[%emt 0:00:30]} Nf6 {[%emt 0:00:30]} 21. Bf4 {[%emt 0:00:30]} Rd6 {[%emt 0:00:30]} 22. Nc4 {[%emt 0:00:30]} Nxe4 {[%emt 0:00:30]} 23. Re1 {[%emt 0:00:30]} g5 {[%emt 0:00:30]} 24. Nxd6 {[%emt 0:00:30]} Nxd6 {[%emt 0:00:30]} 25. Nxg5 {[%emt 0:00:30]} Qd8 {[%emt 0:00:30]} 26. Qd3 {[%emt 0:00:30]} Re8 {[%emt 0:00:30]} 27. Qxh7+ {[%emt 0:00:30]} Kf8 {[%emt 0:00:30]} 28. Be5 {[%emt 0:00:30]} 1-0

[Event "Eurasia Open Cup 2019"]
[Site "Ekaterinburg"]
[Date "2019.07.31"]
[Round "1.19"]
[White "Drygalov, Sergey"]
[Black "Khmelev, Mikhail"]
[Result "1-0"]
[WhiteElo "2492"]
[BlackElo "2013"]
[Annotator "ChessBase"]
[PlyCount "105"]
[EventDate "2019.07.31"]
[EventType "swiss"]
[EventCountry "RUS"]
[SourceTitle "playchess.com"]
[Source "ChessBase"]
[SourceQuality "1"]
[TimeControl "5400+30"]

1. d4 {[%emt 0:34:38]} Nf6 {[%emt 0:17:19]} 2. c4 {[%emt 0:00:39]} e6 {[%emt 0:05:06]} 3. Nf3 {[%emt 0:00:47]} b6 {[%emt 0:00:00]} 4. g3 {[%emt 0:00:19]} Ba6 {[%emt 0:00:00]} 5. Qc2 {[%emt 0:03:36]} Bb4+ {[%emt 0:08:59]} 6. Bd2 {[%emt 0:04:35]} Qe7 {[%emt 0:13:58]} 7. Bg2 {[%emt 0:04:13]} c6 {[%emt 0:00:47]} 8. a3 {[%emt 0:03:08]} Bxd2+ {[%emt 0:00:18]} 9. Nbxd2 {[%emt 0:04:52]} d6 {[%emt 0:01:43]} 10. O-O {[%emt 0:05:03]} O-O {[%emt 0:13:41]} 11. e4 {[%emt 0:00:35]} e5 {[%emt 0:00:50]} 12. b4 {[%emt 0:03:00]} Nbd7 {[%emt 0:13:24]} 13. Rfc1 {[%emt 0:00:28]} Rac8 {[%emt 0:00:13]} 14. Qa4 {[%emt 0:00:07]} Bxc4 {[%emt 0:03:51]} 15. dxe5 {[%emt 0:02:09]} dxe5 {[%emt 0:01:05]} 16. Nxc4 {[%emt 0:00:00]} b5 {[%emt 0:00:08]} 17. Qxa7 {[%emt 0:02:33]} bxc4 {[%emt 0:00:18]} 18. Qe3 {[%emt 0:01:09]} Ra8 {[%emt 0:02:16]} 19. Rxc4 {[%emt 0:01:37]} Ra6 {[%emt 0:00:08]} 20. Rac1 {[%emt 0:00:08]} Qd6 {[%emt 0:01:05]} 21. R4c3 {[%emt 0:00:26]} Rfa8 {[%emt 0:03:27]} 22. Bf1 {[%emt 0:01:00]} Rb6 {[%emt 0:00:27]} 23. Rd3 {[%emt 0:00:09]} Qe7 {[%emt 0:00:23]} 24. Nd2 {[%emt 0:00:58]} c5 {[%emt 0:00:31]} 25. bxc5 {[%emt 0:00:13]} Rc6 {[%emt 0:00:05]} 26. Rdc3 {[%emt 0:00:51]} Ra5 {[%emt 0:00:05]} 27. a4 {[%emt 0:00:04]} Raxc5 {[%emt 0:01:51]} 28. Bb5 {[%emt 0:00:43]} Rc7 {[%emt 0:03:18]} 29. Rxc5 {[%emt 0:00:42]} Nxc5 {[%emt 0:00:15]} 30. a5 {[%emt 0:00:40]} g6 {[%emt 0:00:37]} 31. Bf1 {[%emt 0:01:04]} Kg7 {[%emt 0:09:22]} 32. Ra1 {[%emt 0:25:34]} Ra7 {[%emt 0:00:30]} 33. a6 {[%emt 0:00:30]} Qd6 {[%emt 0:00:30]} 34. Rc1 {[%emt 0:00:30]} Nfd7 {[%emt 0:00:30]} 35. Nb3 {[%emt 0:00:30]} Nxb3 {[%emt 0:00:30]} 36. Qxb3 {[%emt 0:00:30]} Qd4 {[%emt 0:00:30]} 37. Qd3 {[%emt 0:00:30]} Qxd3 {[%emt 0:00:30]} 38. Bxd3 {[%emt 0:00:30]} Kf6 {[%emt 0:00:30]} 39. Bb5 {[%emt 0:00:30]} Ke7 {[%emt 0:00:30]} 40. f3 {[%emt 0:00:30]} Nf8 {[%emt 0:00:30]} 41. Kf2 {[%emt 0:00:30]} Ne6 {[%emt 0:00:30]} 42. Ke3 {[%emt 0:00:30]} Nd4 {[%emt 0:00:30]} 43. Bd3 {[%emt 0:00:30]} Ne6 {[%emt 0:00:30]} 44. f4 {[%emt 0:00:30]} f6 {[%emt 0:00:30]} 45. h4 {[%emt 0:00:30]} h6 {[%emt 0:00:30]} 46. Rc6 {[%emt 0:00:30]} exf4+ {[%emt 0:00:30]} 47. gxf4 {[%emt 0:00:30]} g5 {[%emt 0:00:30]} 48. hxg5 {[%emt 0:00:30]} hxg5 {[%emt 0:00:30]} 49. f5 {[%emt 0:00:30]} Nf8 {[%emt 0:00:30]} 50. Bb5 {[%emt 0:00:30]} Nh7 {[%emt 0:00:30]} 51. Kf3 {[%emt 0:00:30]} Nf8 {[%emt 0:00:30]} 52. Rb6 {[%emt 0:00:30]} Rc7 {[%emt 0:00:30]} 53. Rb7 {[%emt 0:00:30]} 1-0

[Event "Eurasia Open Cup 2019"]
[Site "Ekaterinburg"]
[Date "2019.07.31"]
[Round "1.20"]
[White "Kharitonov, Egor"]
[Black "Hamitevici, Vladimir"]
[Result "1/2-1/2"]
[WhiteElo "2387"]
[BlackElo "2480"]
[Annotator "ChessBase"]
[PlyCount "163"]
[EventDate "2019.07.31"]
[EventType "swiss"]
[EventCountry "RUS"]
[SourceTitle "playchess.com"]
[Source "ChessBase"]
[SourceQuality "1"]
[TimeControl "5400+30"]

1. d4 {[%emt 0:27:26]} Nf6 {[%emt 0:34:38]} 2. c4 {[%emt 0:01:33]} c5 {[%emt 0:20:53]} 3. d5 {[%emt 0:05:00]} b5 {[%emt 0:02:27]} 4. cxb5 {[%emt 0:12:53]} a6 {[%emt 0:07:34]} 5. b6 {[%emt 0:10:00]} d6 {[%emt 0:06:12]} 6. Nc3 {[%emt 0:00:50]} Nbd7 {[%emt 0:02:43]} 7. e4 {[%emt 0:04:03]} Rb8 {[%emt 0:08:07]} 8. Nf3 {[%emt 0:01:54]} g6 {[%emt 0:00:49]} 9. Be2 {[%emt 0:06:17]} Bg7 {[%emt 0:03:28]} 10. O-O {[%emt 0:01:09]} O-O {[%emt 0:00:21]} 11. Nd2 {[%emt 0:02:10]} Nxb6 {[%emt 0:04:43]} 12. a4 {[%emt 0:00:20]} Nfd7 {[%emt 0:00:43]} 13. Ra3 {[%emt 0:00:07]} Na8 {[%emt 0:00:00]} 14. Kh1 {[%emt 0:11:06]} Rb4 {[%emt 0:00:00]} 15. Qc2 {[%emt 0:01:27]} f5 {[%emt 0:01:14]} 16. Na2 {[%emt 0:00:07]} Rb8 {[%emt 0:00:39]} 17. exf5 {[%emt 0:01:12]} gxf5 {[%emt 0:00:14]} 18. Nf3 {[%emt 0:00:43]} Nf6 {[%emt 0:01:16]} 19. Rd1 {[%emt 0:03:41]} Qe8 {[%emt 0:01:01]} 20. Kg1 {[%emt 0:03:50]} Kh8 {[%emt 0:00:00]} 21. Ng5 {[%emt 0:00:15]} Nc7 {[%emt 0:00:33]} 22. Bc4 {[%emt 0:03:31]} Qg6 {[%emt 0:01:53]} 23. Nh3 {[%emt 0:00:45]} Nh5 {[%emt 0:00:24]} 24. Rf3 {[%emt 0:00:41]} Be5 {[%emt 0:00:20]} 25. b3 {[%emt 0:00:32]} Rg8 {[%emt 0:00:04]} 26. Bf1 {[%emt 0:00:08]} e6 {[%emt 0:00:34]} 27. Re3 {[%emt 0:00:07]} Nxd5 {[%emt 0:01:24]} 28. Rxe5 {[%emt 0:00:10]} dxe5 {[%emt 0:00:30]} 29. Bb2 {[%emt 0:00:23]} Ng7 {[%emt 0:00:21]} 30. Bxe5 {[%emt 0:00:33]} Rb6 {[%emt 0:00:06]} 31. a5 {[%emt 0:01:11]} Rc6 {[%emt 0:00:37]} 32. Nc3 {[%emt 0:00:31]} Nf6 {[%emt 0:00:49]} 33. Nf4 {[%emt 0:00:21]} Qh6 {[%emt 0:00:22]} 34. Qe2 {[%emt 0:00:31]} Bb7 {[%emt 0:01:06]} 35. Na4 {[%emt 0:00:39]} Rf8 {[%emt 0:00:27]} 36. Qb2 {[%emt 0:00:03]} Kg8 {[%emt 0:00:08]} 37. h3 {[%emt 0:00:53]} Qg5 {[%emt 0:00:28]} 38. g3 {[%emt 0:00:41]} Nfe8 {[%emt 0:00:10]} 39. Bg2 {[%emt 0:00:32]} Qe7 {[%emt 0:00:00]} 40. Nb6 {[%emt 0:00:18]} Rxb6 {[%emt 0:00:24]} 41. axb6 {[%emt 0:00:31]} Bxg2 {[%emt 0:00:21]} 42. Nxg2 {[%emt 0:00:35]} Qb7 {[%emt 0:00:30]} 43. Qc3 {[%emt 0:00:37]} Qxb6 {[%emt 0:00:44]} 44. Nf4 {[%emt 0:00:44]} Rf7 {[%emt 0:00:11]} 45. Qc4 {[%emt 0:00:22]} Rb7 {[%emt 0:01:26]} 46. Rd3 {[%emt 0:00:19]} Qb5 {[%emt 0:00:43]} 47. Rd8 {[%emt 0:00:29]} Kf7 {[%emt 0:00:36]} 48. Rc8 {[%emt 0:00:46]} Qxb3 {[%emt 0:00:35]} 49. Qxc5 {[%emt 0:00:07]} Qb1+ {[%emt 0:01:03]} 50. Kh2 {[%emt 0:00:07]} Qb6 {[%emt 0:00:04]} 51. Qxb6 {[%emt 0:00:43]} Rxb6 {[%emt 0:00:08]} 52. Ra8 {[%emt 0:00:32]} Rb5 {[%emt 0:00:09]} 53. Ra7+ {[%emt 0:00:57]} Kf8 {[%emt 0:00:58]} 54. Bxg7+ {[%emt 0:00:31]} Nxg7 {[%emt 0:00:05]} 55. Rxa6 {[%emt 0:00:59]} Kf7 {[%emt 0:00:05]} 56. Kg2 {[%emt 0:00:06]} Rb7 {[%emt 0:00:15]} 57. Nd3 {[%emt 0:00:14]} Kf6 {[%emt 0:00:54]} 58. Ra8 {[%emt 0:00:27]} Rd7 {[%emt 0:00:03]} 59. Ra3 {[%emt 0:00:50]} h5 {[%emt 0:01:44]} 60. h4 {[%emt 0:00:19]} Rd6 {[%emt 0:00:06]} 61. Rc3 {[%emt 0:00:10]} e5 {[%emt 0:00:46]} 62. Nb4 {[%emt 0:00:05]} Ne6 {[%emt 0:00:04]} 63. Rd3 {[%emt 0:01:08]} Nd4 {[%emt 0:00:21]} 64. Nc2 {[%emt 0:00:11]} Ke6 {[%emt 0:00:29]} 65. Nxd4+ {[%emt 0:01:32]} exd4 {[%emt 0:00:06]} 66. Kf3 {[%emt 0:00:06]} Ke5 {[%emt 0:00:04]} 67. Rd1 {[%emt 0:01:30]} Rc6 {[%emt 0:03:18]} 68. Re1+ {[%emt 0:00:30]} Kf6 {[%emt 0:00:30]} 69. Rd1 {[%emt 0:00:30]} Ke5 {[%emt 0:00:30]} 70. Re1+ {[%emt 0:00:30]} Kd5 {[%emt 0:00:30]} 71. Kf4 {[%emt 0:00:30]} d3 {[%emt 0:00:30]} 72. Kxf5 {[%emt 0:00:30]} Kd4 {[%emt 0:00:30]} 73. g4 {[%emt 0:00:30]} hxg4 {[%emt 0:00:30]} 74. Kxg4 {[%emt 0:00:30]} Rc2 {[%emt 0:00:30]} 75. f4 {[%emt 0:00:30]} Re2 {[%emt 0:00:30]} 76. Rd1 {[%emt 0:00:30]} Ke4 {[%emt 0:00:30]} 77. f5 {[%emt 0:00:30]} Rg2+ {[%emt 0:00:30]} 78. Kh5 {[%emt 0:00:30]} Rf2 {[%emt 0:00:30]} 79. Kg6 {[%emt 0:00:30]} Rg2+ {[%emt 0:00:30]} 80. Kh5 {[%emt 0:00:30]} Rf2 {[%emt 0:00:30]} 81. Kg6 {[%emt 0:00:30]} Rg2+ {[%emt 0:00:30]} 82. Kh5 {[%emt 0:00:30]} 1/2-1/2

[Event "Eurasia Open Cup 2019"]
[Site "Ekaterinburg"]
[Date "2019.07.31"]
[Round "1.21"]
[White "Balashov, Yuri S"]
[Black "Khaliullin, Albert"]
[Result "1/2-1/2"]
[WhiteElo "2474"]
[BlackElo "2004"]
[Annotator "ChessBase"]
[PlyCount "148"]
[EventDate "2019.07.31"]
[EventType "swiss"]
[EventCountry "RUS"]
[SourceTitle "playchess.com"]
[Source "ChessBase"]
[SourceQuality "1"]
[TimeControl "5400+30"]

1. Nf3 {[%emt 0:58:41]} Nf6 {[%emt 0:08:27]} 2. c4 {[%emt 0:00:12]} c5 {[%emt 0:00:11]} 3. Nc3 {[%emt 0:01:55]} b6 {[%emt 0:04:10]} 4. d4 {[%emt 0:04:15]} cxd4 {[%emt 0:10:53]} 5. Nxd4 {[%emt 0:02:37]} Bb7 {[%emt 0:08:47]} 6. Bg5 {[%emt 0:01:56]} Nc6 {[%emt 0:01:13]} 7. e4 {[%emt 0:00:35]} d6 {[%emt 0:01:45]} 8. Nxc6 {[%emt 0:00:30]} Bxc6 {[%emt 0:05:55]} 9. Bd3 {[%emt 0:02:30]} e6 {[%emt 0:00:14]} 10. O-O {[%emt 0:00:03]} Be7 {[%emt 0:03:06]} 11. Qe2 {[%emt 0:05:28]} h6 {[%emt 0:01:12]} 12. Be3 {[%emt 0:00:11]} Qc7 {[%emt 0:00:53]} 13. Rac1 {[%emt 0:01:13]} Qb7 {[%emt 0:01:01]} 14. f3 {[%emt 0:02:56]} O-O {[%emt 0:03:49]} 15. Rfd1 {[%emt 0:00:15]} Rad8 {[%emt 0:04:22]} 16. Bb1 {[%emt 0:01:21]} Rfe8 {[%emt 0:02:23]} 17. Qd3 {[%emt 0:01:40]} Nd7 {[%emt 0:00:33]} 18. Nd5 {[%emt 0:02:10]} Ne5 {[%emt 0:00:47]} 19. Nxe7+ {[%emt 0:00:18]} Qxe7 {[%emt 0:01:04]} 20. Qd4 {[%emt 0:00:52]} Qh4 {[%emt 0:00:43]} 21. Bf2 {[%emt 0:01:25]} Qg5 {[%emt 0:04:18]} 22. Bg3 {[%emt 0:00:11]} Ng6 {[%emt 0:00:50]} 23. Qd2 {[%emt 0:01:03]} Qh5 {[%emt 0:00:02]} 24. Qf2 {[%emt 0:00:09]} e5 {[%emt 0:00:48]} 25. Qe3 {[%emt 0:01:50]} Nf8 {[%emt 0:00:43]} 26. Qa3 {[%emt 0:00:49]} Ne6 {[%emt 0:02:27]} 27. Rxd6 {[%emt 0:02:46]} Nd4 {[%emt 0:06:00]} 28. Rxd8 {[%emt 0:00:02]} Rxd8 {[%emt 0:02:22]} 29. Qe3 {[%emt 0:02:14]} f6 {[%emt 0:01:03]} 30. Bd3 {[%emt 0:02:42]} Ne6 {[%emt 0:02:45]} 31. Be2 {[%emt 0:00:15]} Qe8 {[%emt 0:02:00]} 32. Rd1 {[%emt 0:01:13]} Rxd1+ {[%emt 0:03:51]} 33. Bxd1 {[%emt 0:00:18]} Qd7 {[%emt 0:01:14]} 34. Be2 {[%emt 0:00:54]} Nc5 {[%emt 0:01:16]} 35. Be1 {[%emt 0:00:58]} a5 {[%emt 0:02:05]} 36. Bxa5 {[%emt 0:00:21]} Qa7 {[%emt 0:01:03]} 37. Bb4 {[%emt 0:00:01]} Qxa2 {[%emt 0:01:09]} 38. Ba3 {[%emt 0:00:03]} Na4 {[%emt 0:00:15]} 39. Qd2 {[%emt 0:00:27]} Qb3 {[%emt 0:00:10]} 40. Kf2 {[%emt 0:00:41]} Kh7 {[%emt 0:00:59]} 41. Qd1 {[%emt 0:01:19]} Qa2 {[%emt 0:00:21]} 42. Qc2 {[%emt 0:00:17]} Nc5 {[%emt 0:00:32]} 43. h4 {[%emt 0:00:43]} Ba4 {[%emt 0:00:18]} 44. Qd2 {[%emt 0:00:02]} Bb3 {[%emt 0:00:12]} 45. Qb4 {[%emt 0:00:51]} Qb1 {[%emt 0:00:55]} 46. Qxb6 {[%emt 0:00:30]} Nd3+ {[%emt 0:00:14]} 47. Bxd3 {[%emt 0:00:27]} Qxd3 {[%emt 0:00:44]} 48. Qe3 {[%emt 0:00:05]} Qxc4 {[%emt 0:00:41]} 49. Kg3 {[%emt 0:00:20]} Ba4 {[%emt 0:00:54]} 50. Bf8 {[%emt 0:01:03]} Qf7 {[%emt 0:00:59]} 51. Bc5 {[%emt 0:00:32]} Bb3 {[%emt 0:00:41]} 52. Qd2 {[%emt 0:00:21]} f5 {[%emt 0:01:40]} 53. exf5 {[%emt 0:00:15]} Qxf5 {[%emt 0:00:32]} 54. Qe3 {[%emt 0:00:39]} Qe6 {[%emt 0:00:21]} 55. Bb4 {[%emt 0:00:12]} Bd5 {[%emt 0:00:31]} 56. Bc3 {[%emt 0:00:12]} e4 {[%emt 0:00:53]} 57. Qd4 {[%emt 0:00:19]} Qg6+ {[%emt 0:00:13]} 58. Kf2 {[%emt 0:01:13]} exf3 {[%emt 0:00:43]} 59. gxf3 {[%emt 0:00:49]} Bc6 {[%emt 0:00:07]} 60. b4 {[%emt 0:00:02]} Qc2+ {[%emt 0:00:20]} 61. Bd2 {[%emt 0:00:20]} Qf5 {[%emt 0:00:25]} 62. Qf4 {[%emt 0:00:17]} Qd3 {[%emt 0:01:29]} 63. Be3 {[%emt 0:00:42]} Qc2+ {[%emt 0:00:04]} 64. Bd2 {[%emt 0:00:10]} Qd3 {[%emt 0:00:11]} 65. Qe3 {[%emt 0:00:07]} Qc4 {[%emt 0:00:09]} 66. Kg3 {[%emt 0:03:13]} Qf7 {[%emt 0:12:03]} 67. Qd3+ {[%emt 0:00:30]} Qg6+ {[%emt 0:00:30]} 68. Qxg6+ {[%emt 0:00:30]} Kxg6 {[%emt 0:00:30]} 69. Bc3 {[%emt 0:00:30]} h5 {[%emt 0:00:30]} 70. Kf4 {[%emt 0:00:30]} Kf7 {[%emt 0:00:30]} 71. Kg5 {[%emt 0:00:30]} Bxf3 {[%emt 0:00:30]} 72. b5 {[%emt 0:00:30]} Ke6 {[%emt 0:00:30]} 73. b6 {[%emt 0:00:30]} Kd7 {[%emt 0:00:30]} 74. Bxg7 {[%emt 0:00:30]} Kc6 {[%emt 0:00:30]} 1/2-1/2

[Event "Eurasia Open Cup 2019"]
[Site "Ekaterinburg"]
[Date "2019.07.31"]
[Round "1.22"]
[White "Fedorov, Ivan"]
[Black "Kostenko, Petr"]
[Result "0-1"]
[WhiteElo "1997"]
[BlackElo "2471"]
[Annotator "ChessBase"]
[PlyCount "50"]
[EventDate "2019.07.31"]
[EventType "swiss"]
[EventCountry "RUS"]
[SourceTitle "playchess.com"]
[Source "ChessBase"]
[SourceQuality "1"]
[TimeControl "5400+30"]

1. c4 {[%emt 0:38:30]} e5 {[%emt 0:15:46]} 2. Nf3 {[%emt 0:04:46]} d6 {[%emt 0:00:25]} 3. g3 {[%emt 0:15:43]} f5 {[%emt 0:00:53]} 4. Bg2 {[%emt 0:05:57]} Be7 {[%emt 0:00:27]} 5. O-O {[%emt 0:01:32]} c6 {[%emt 0:11:10]} 6. Nc3 {[%emt 0:03:55]} Nf6 {[%emt 0:03:04]} 7. d3 {[%emt 0:01:34]} O-O {[%emt 0:01:47]} 8. Qc2 {[%emt 0:03:13]} Qe8 {[%emt 0:00:34]} 9. Bg5 {[%emt 0:01:22]} Qh5 {[%emt 0:00:30]} 10. Rad1 {[%emt 0:13:18]} Nbd7 {[%emt 0:02:16]} 11. e4 {[%emt 0:00:00]} Nc5 {[%emt 0:00:05]} 12. Bxf6 {[%emt 0:00:18]} Rxf6 {[%emt 0:00:43]} 13. d4 {[%emt 0:00:51]} exd4 {[%emt 0:00:05]} 14. Rxd4 {[%emt 0:06:01]} f4 {[%emt 0:59:15]} 15. Re1 {[%emt 0:00:30]} fxg3 {[%emt 0:00:30]} 16. fxg3 {[%emt 0:00:30]} Rxf3 {[%emt 0:00:30]} 17. Bxf3 {[%emt 0:00:30]} Qxf3 {[%emt 0:00:30]} 18. e5 {[%emt 0:00:30]} Bh3 {[%emt 0:00:30]} 19. Rf4 {[%emt 0:00:30]} Qd3 {[%emt 0:00:30]} 20. Qf2 {[%emt 0:00:30]} Qg6 {[%emt 0:00:30]} 21. exd6 {[%emt 0:00:30]} Bxd6 {[%emt 0:00:30]} 22. Rf3 {[%emt 0:00:30]} Nd3 {[%emt 0:00:30]} 23. Rxd3 {[%emt 0:00:30]} Qxd3 {[%emt 0:00:30]} 24. Rd1 {[%emt 0:00:30]} Qxd1+ {[%emt 0:00:30]} 25. Nxd1 {[%emt 0:00:30]} Rf8 {[%emt 0:00:30]} 0-1

[Event "Eurasia Open Cup 2019"]
[Site "Ekaterinburg"]
[Date "2019.07.31"]
[Round "1.23"]
[White "Kezin, Roman"]
[Black "Makhrov, Alexander"]
[Result "1-0"]
[WhiteElo "2470"]
[BlackElo "1994"]
[Annotator "ChessBase"]
[PlyCount "85"]
[EventDate "2019.07.31"]
[EventType "swiss"]
[EventCountry "RUS"]
[SourceTitle "playchess.com"]
[Source "ChessBase"]
[SourceQuality "1"]
[TimeControl "5400+30"]

1. d4 {[%emt 0:27:37]} Nf6 {[%emt 0:26:18]} 2. c4 {[%emt 0:00:50]} g6 {[%emt 0:07:44]} 3. Nc3 {[%emt 0:00:32]} Bg7 {[%emt 0:00:00]} 4. e4 {[%emt 0:00:28]} d6 {[%emt 0:01:13]} 5. Nf3 {[%emt 0:19:25]} O-O {[%emt 0:06:07]} 6. h3 {[%emt 0:00:37]} e5 {[%emt 0:03:07]} 7. d5 {[%emt 0:18:54]} Nbd7 {[%emt 0:07:09]} 8. Bg5 {[%emt 0:00:32]} h6 {[%emt 0:03:44]} 9. Be3 {[%emt 0:07:48]} Nc5 {[%emt 0:08:10]} 10. Nd2 {[%emt 0:00:07]} a5 {[%emt 0:00:08]} 11. Be2 {[%emt 0:00:34]} Ne8 {[%emt 0:00:47]} 12. g4 {[%emt 0:04:33]} f5 {[%emt 0:03:25]} 13. gxf5 {[%emt 0:06:59]} gxf5 {[%emt 0:06:48]} 14. Rg1 {[%emt 0:04:33]} Nf6 {[%emt 0:00:34]} 15. Bxh6 {[%emt 0:00:05]} Rf7 {[%emt 0:02:36]} 16. Bg5 {[%emt 0:00:31]} Qf8 {[%emt 0:05:25]} 17. Qc2 {[%emt 0:02:30]} Nfxe4 {[%emt 0:07:23]} 18. Ndxe4 {[%emt 0:00:31]} fxe4 {[%emt 0:01:13]} 19. Nxe4 {[%emt 0:00:30]} Bf5 {[%emt 0:00:06]} 20. f3 {[%emt 0:00:09]} Kh8 {[%emt 0:00:24]} 21. O-O-O {[%emt 0:01:42]} a4 {[%emt 0:02:35]} 22. Rg4 {[%emt 0:00:03]} Bh6 {[%emt 0:00:27]} 23. Qd2 {[%emt 0:00:11]} Nxe4 {[%emt 0:01:38]} 24. fxe4 {[%emt 0:00:17]} Bxg5 {[%emt 0:02:52]} 25. Rxg5 {[%emt 0:00:07]} Bh7 {[%emt 0:00:08]} 26. Qe3 {[%emt 0:00:36]} Rf4 {[%emt 0:00:39]} 27. Rg4 {[%emt 0:00:02]} Qf6 {[%emt 0:00:26]} 28. Rxf4 {[%emt 0:00:06]} exf4 {[%emt 0:01:23]} 29. Qd4 {[%emt 0:03:41]} Qxd4 {[%emt 0:02:01]} 30. Rxd4 {[%emt 0:00:30]} a3 {[%emt 0:00:30]} 31. c5 {[%emt 0:00:30]} axb2+ {[%emt 0:00:30]} 32. Kxb2 {[%emt 0:00:30]} Re8 {[%emt 0:00:30]} 33. cxd6 {[%emt 0:00:30]} cxd6 {[%emt 0:00:30]} 34. Bf3 {[%emt 0:00:30]} Kg7 {[%emt 0:00:30]} 35. Rc4 {[%emt 0:00:30]} Kf6 {[%emt 0:00:30]} 36. Kc3 {[%emt 0:00:30]} Re7 {[%emt 0:00:30]} 37. Kd4 {[%emt 0:00:30]} Bg6 {[%emt 0:00:30]} 38. Rb4 {[%emt 0:00:30]} Kg5 {[%emt 0:00:30]} 39. Rb6 {[%emt 0:00:30]} Rd7 {[%emt 0:00:30]} 40. e5 {[%emt 0:00:30]} dxe5+ {[%emt 0:00:30]} 41. Kxe5 {[%emt 0:00:30]} Re7+ {[%emt 0:00:30]} 42. Re6 {[%emt 0:00:30]} Rd7 {[%emt 0:00:30]} 43. h4+ {[%emt 0:00:30]} 1-0